The Godfather Part 2, Michael's Statement Quiz Stats

 Plays Quiz not verified by Sporcle

Score 0/199 Timer 10:00
0 Plays Today
Hint Answer % Correct
my
89.6%
my
89.6%
my
89.6%
my
89.6%
my
89.6%
my
89.6%
my
89.6%
and
89.1%
the
89.1%
the
89.1%
the
89.1%
a
89.1%
and
89.1%
and
89.1%
the
89.1%
a
89.1%
a
89.1%
the
89.1%
the
89.1%
and
89.1%
and
89.1%
the
89.1%
the
89.1%
and
89.1%
the
89.1%
the
89.1%
no
82%
family
81.4%
In
80.9%
in
80.9%
to
80.9%
in
80.9%
to
80.9%
to
80.9%
to
80.9%
in
80.9%
in
80.9%
to
80.9%
to
80.9%
to
80.9%
to
80.9%
to
80.9%
it
77%
it
77%
am
77%
it
77%
it
77%
it
77%
is
75.4%
of
73.8%
of
73.8%
of
73.8%
of
73.8%
not
73.2%
not
73.2%
you
71.6%
me
71%
me
71%
me
71%
name
69.9%
name
69.9%
have
69.9%
have
69.9%
have
69.9%
have
69.9%
name
69.9%
have
69.9%
Hint Answer % Correct
have
69.9%
name
69.9%
have
69.9%
for
69.4%
for
69.4%
for
69.4%
for
69.4%
so
69.4%
or
68.3%
or
68.3%
or
68.3%
or
68.3%
do
67.8%
do
67.8%
this
66.7%
this
66.7%
I
65.6%
I
65.6%
I
65.6%
I
65.6%
I
65.6%
I
65.6%
any
65.6%
I
65.6%
I
65.6%
I
65.6%
mafia
65%
with
65%
with
65%
War
64.5%
what
64.5%
country
63.9%
country
63.9%
that
62.3%
That
62.3%
that
62.3%
that
62.3%
any
62.3%
any
62.3%
clear
62.3%
on
61.7%
served
61.7%
World
61.7%
never
61.2%
as
61.2%
if
61.2%
children
60.7%
was
60.7%
ever
60.7%
ever
60.7%
was
60.7%
been
59.6%
cosa
59.6%
nostra
59.6%
been
59.6%
right
59%
life
58.5%
committee
58.5%
2
58.5%
committee
58.5%
crime
57.9%
American
55.2%
way
55.2%
fifth
54.6%
which
54.6%
hope
54.1%
cross
53.6%
Hint Answer % Correct
will
53%
same
53%
give
51.9%
awarded
51.9%
navy
51.9%
defense
51.9%
give
51.9%
amendment
51.9%
they
50.8%
they
50.8%
they
50.8%
before
50.3%
their
49.7%
honorably
49.2%
arrested
49.2%
whatever
48.6%
public
48.6%
clearing
47.5%
blemish
47.5%
faithfully
47.5%
hopes
47%
besmirched
47%
publicity
46.4%
now
46.4%
without
45.9%
criminal
45.9%
record
45.9%
criminal
45.9%
indicted
44.3%
decency
44.3%
wish
42.6%
wish
42.6%
dishonor
41%
called
41%
all
40.4%
power
39.3%
evidence
38.8%
whether
37.7%
deny
36.6%
made
36.6%
witness
36.6%
find
35%
great
35%
against
34.4%
action
33.3%
share
32.2%
noted
32.2%
fair
31.7%
produce
31.7%
behind
31.1%
sincere
30.6%
appeared
30.6%
challenge
30.6%
following
30.1%
taken
30.1%
background
29.5%
personally
29%
has
29%
given
28.4%
linking
25.7%
refuge
25.1%
cooperation
24%
conspiracy
23%
desire
19.1%
proof
18.6%

You're not logged in!

Compare scores with friends on all Sporcle quizzes.
OR
Log In

Sporcle TV

Today on Sporcle TV


Watch our educational content, quiz creation guides, and fun videos on Sporcle TV.

Show Comments

Extras

Top Quizzes Today


Score Distribution

Your Account Isn't Verified!

In order to create a playlist on Sporcle, you need to verify the email address you used during registration. Go to your Sporcle Settings to finish the process.

Report this User

Report this user for behavior that violates our Community Guidelines.

Details: